MARC details
| 000 -LEADER |
| fixed length control field |
01764cam a22003135a 4500 |
| 001 - CONTROL NUMBER |
| control field |
15915506 |
| 005 - DATE AND TIME OF LATEST TRANSACTION |
| control field |
20160403144104.0 |
| 008 - FIXED-LENGTH DATA ELEMENTS--GENERAL INFORMATION |
| fixed length control field |
090921s2010 mau frb 001 0 eng d |
| 020 ## - INTERNATIONAL STANDARD BOOK NUMBER |
| International Standard Book Number |
9781405167314 (hardcover : alk. paper) |
| 020 ## - INTERNATIONAL STANDARD BOOK NUMBER |
| International Standard Book Number |
1405167319 (hardcover : alk. paper) |
| 040 ## - CATALOGING SOURCE |
| Original cataloging agency |
DLC |
| Language of cataloging |
eng |
| Transcribing agency |
DLC |
| Modifying agency |
YDX |
| -- |
UKM |
| -- |
YDXCP |
| -- |
BWX |
| -- |
DEBBG |
| -- |
CDX |
| -- |
OCL |
| -- |
DLC |
| -- |
EG-ScBUE |
| 082 04 - DEWEY DECIMAL CLASSIFICATION NUMBER |
| Classification number |
821.9109112 |
| Edition number |
22 |
| Item number |
WHI |
| 100 1# - MAIN ENTRY--PERSONAL NAME |
| Personal name |
Whitworth, Michael H. |
| 9 (RLIN) |
39749 |
| 245 10 - TITLE STATEMENT |
| Title |
Reading modernist poetry / |
| Statement of responsibility, etc |
Michael H. Whitworth. |
| 260 ## - PUBLICATION, DISTRIBUTION, ETC. (IMPRINT) |
| Place of publication, distribution, etc |
Malden ; |
| -- |
Oxford ; |
| -- |
Chichester : |
| Name of publisher, distributor, etc |
Wiley-Blackwell, |
| Date of publication, distribution, etc |
2010. |
| 300 ## - PHYSICAL DESCRIPTION |
| Extent |
xi, 237 p. ; |
| Dimensions |
24 cm. |
| 490 0# - Series Statement |
| Series statement |
Reading poetry. |
| 500 ## - GENERAL NOTE |
| General note |
Index : p. [234]-237. |
| 504 ## - BIBLIOGRAPHY, ETC. NOTE |
| Bibliography, etc |
Includes bibliographical references. |
| 505 0# - FORMATTED CONTENTS NOTE |
| Formatted contents note |
Part one. Subject matter: reflexivity; landscapes, locations, and texts; explorations of consciousness -- Part two. Techniques: interpreting obscurities, negotiating negatives; the sound of the poem; allusion and quotation; the language of modernist poetry: diction and dialogue; literal and metaphorical language; mythology, mythography, and mythopoesis; who is speaking? -- Part three. Form, structure, and evaluation: form; subjects and objects in modernist lyric; temporality and modernist lyric; the dramatic monologue; modernism, epic, and the long poem; modernist endings; value and evaluation. |
| 650 #0 - SUBJECT ADDED ENTRY--TOPICAL TERM |
| Topical term or geographic name as entry element |
English poetry |
| Chronological subdivision |
20th century |
| General subdivision |
History and criticism |
| -- |
Theory, etc. |
| Source of heading or term |
BUEsh |
| 650 #0 - SUBJECT ADDED ENTRY--TOPICAL TERM |
| Topical term or geographic name as entry element |
American poetry |
| Chronological subdivision |
20th century |
| General subdivision |
History and criticism |
| -- |
Theory, etc. |
| Source of heading or term |
BUEsh |
| 650 #7 - SUBJECT ADDED ENTRY--TOPICAL TERM |
| Topical term or geographic name as entry element |
Reader-response criticism. |
| Source of heading or term |
BUEsh |
| 9 (RLIN) |
39751 |
| 650 #7 - SUBJECT ADDED ENTRY--TOPICAL TERM |
| Topical term or geographic name as entry element |
Poetry |
| General subdivision |
Explication. |
| Source of heading or term |
BUEsh |
| 9 (RLIN) |
39750 |
| 650 #0 - SUBJECT ADDED ENTRY--TOPICAL TERM |
| Topical term or geographic name as entry element |
Modernism (Literature) |
| Source of heading or term |
BUEsh |
| 9 (RLIN) |
30834 |
| 651 ## - SUBJECT ADDED ENTRY--GEOGRAPHIC NAME |
| Source of heading or term |
BUEsh |
| 653 ## - INDEX TERM--UNCONTROLLED |
| Resource For college |
|
| Arrived date list |
April2016 |
| 942 ## - ADDED ENTRY ELEMENTS (KOHA) |
| Source of classification or shelving scheme |
Dewey Decimal Classification |